Statistics for Vocabulary starting with M

Click here to take the quiz!

General Stats

  • This quiz has been taken 41 times
  • The average score is 16 of 20

Answer Stats

HINTANSWER% Correct
What is the natural satellite of the Earth that can be seen at night?Moon
97%
What is a fruit that is typically yellow or green in color, with a sweet flesh and a large seed in the center?Mango
92%
What is the second day of the week, following Sunday?Monday
92%
What is the legally or formally recognized union of two people as partners in a personal relationship?Marriage
89%
What white liquid is produced by female mammals and used to nourish their young?Milk
89%
What is a large natural elevation of the earth's surface, often with a pointed or rounded top?Mountain
89%
What time of day is typically associated with the start of a new day?Morning
86%
What is a form of entertainment that typically involves a story being told through moving images on a screen?Movie
86%
What is a periodical publication containing articles and illustrations, typically covering a particular subject or area of interest?Magazine
83%
What is the mental faculty of retaining and recalling past experience?Memory
83%
What is a small flying insect that can bite and often carries disease-causing viruses and parasites?Mosquito
83%
What art form typically involves combining sounds and rhythm in a way that is pleasing to the ear?Music
83%
What is a person who delivers a message or carries out communication between two or more people or groups?Messenger
78%
What is something that is done that is considered to be an error or a fault?Mistake
78%
What is a medium of exchange in the form of coins, banknotes, or digital currency that is used to purchase goods and services?Money
78%
What small mammal is often kept as a pet and known for its ability to gnaw through things?Mouse
78%
What is a building or institution dedicated to the acquisition, conservation, study, and exhibition of objects of lasting interest or value?Museum
78%
What condiment is made from ground mustard seeds, vinegar, and sometimes other flavorings?Mustard
75%
What is a picture or pattern produced by arranging together small pieces of stone, tile, glass, or other materials?Mosaic
69%
What is a device consisting of one or more parts that use energy to perform a specific task?Machine
56%

Score Distribution

Percentile by Number Answered

Percent of People with Each Score

Your Score History

You have not taken this quiz